| 000 | 00480nam a2200193Ia 4500 | ||
|---|---|---|---|
| 001 | 68945 | ||
| 008 | 151103s9999||||xx |||||||||||||| ||und|| | ||
| 020 | _a0538018607 | ||
| 040 | _cPK-LaUMT | ||
| 082 |
_a 657.42 _bMAT-C |
||
| 100 | _aMatz, Adolph | ||
| 245 |
_aCost accounting _cMatz, Adolph|Usry, Milton F. |
||
| 250 | _a7th | ||
| 260 |
_aLahore,Pakistan: _bBook Media/Dogar Brothers, _c2008 |
||
| 300 | _a880 p. | ||
| 546 | _aEN | ||
| 700 | _aUsry, Milton F. | ||
| 942 | _cBK | ||
| 999 |
_c77978 _d77978 |
||